Indonesian Islands by size - Statistics

General Stats
  • This quiz has been taken 16 times
  • The average score is 7 of 10
Answer Stats
Size Island name % Correct
748,168 km² / 288,869 sq mi Borneo
100%
138,794 km² / 53,589 sq mi Java
93%
473,481 km² / 184,954 sq mi Sumatra
93%
785,753 km² / 303,381 sq mi New Guinea
80%
180,681 km² / 69,761 sq mi Sulawesi
80%
14,154 km² / 5,464 sq mi Flores
60%
28,418 km² / 10,972 sq mi Timor
60%
17,454 km² / 6,621 sq mi Seram
53%
18,040 km² / 6,865 sq mi Halmahera
33%
14,386 km² / 5,554 sq mi Sumbawa
27%
No matching quizzes found
Score Distribution
Percent of People with Each Score
Percentile by Number Answered
Your Score History
You have not taken this quiz